00801nam a2200193Ia 4500003000900000008004100009020002600050020002700076040001600103100003200119245007700151260003200228300002000260490003400280856010400314942000700418999001700425952016500442IN-BaIIA211028s9999 xx s 000 0 eng d a9781510607804 (Print) a9781510607811 (Online) cIIA Library aJasinski, Piotr, ed.941177 0a14th International Conference on Optical and Electronic Sensorsh[eBook] aWashington, USAbSPIEc2016 aOnline resource aProceedings of SPIE; V. 10161 uhttps://www.spiedigitallibrary.org/conference-proceedings-of-spie/10161yClick Here to Access eBook cEB c22549d22549 00104070aBANbBANd2011-07-01eSPIEhV. 10161l0pEB2009r2021-11-05uhttps://www.spiedigitallibrary.org/conference-proceedings-of-spie/10161w2021-11-05yEB